| 000 | 00995cam a2200277 a 4500 | ||
|---|---|---|---|
| 001 | 000001712 | ||
| 005 | 20200929145655.0 | ||
| 008 | 710723s1989 cu 000 0 spa | ||
| 040 |
_aDO-SdBNP _bspa _cBNPHU |
||
| 041 | 1 | 7 |
_aeng _hspa _2Código de idioma MARC |
| 082 |
_a917.291 _bW967n |
||
| 100 | 1 |
_aWurdemann, John G. _q(John George), _d1810-1849. _95569 |
|
| 240 | 1 | 0 |
_aNotes on Cuba. _lEspañol |
| 245 | 1 | 0 |
_aNotas sobre Cuba / _cJohn G. Wurdeman ; traducción de Elipidio Pacios Mederos ; prólogo, Ernesto Chavez Álvarez. |
| 260 |
_aLa Habana : _bEditorial de Ciencias Sociales, _c1989. |
||
| 300 |
_axxv, 419 p. ; _c18 cm. |
||
| 440 | 0 |
_aViajeros _95570 |
|
| 534 |
_pTìtulo original: _tNotes on Cuba. |
||
| 651 | 4 |
_aCuba _xDescripción Y Viajes _95571 |
|
| 651 | 4 |
_aCuba _xHistoria _9493 |
|
| 700 | 1 |
_aPacios Mederos, Elipidio, _etr. _95572 |
|
| 700 | 1 |
_aChavez Alvarez, Ernesto, _epról. _95573 |
|
| 910 | _aJornada de catalogación | ||
| 910 | _aCatalogación derivada | ||
| 910 | _aWM | ||
| 999 |
_c1591 _d1591 |
||